|
|
|
|
| LEADER |
01816nam a22004694a 4500 |
| 001 |
EBC200490 |
| 003 |
MiAaPQ |
| 005 |
20200520144314.0 |
| 006 |
m o d | |
| 007 |
cr cn||||||||| |
| 008 |
030530s2004 enka sb 001 0 eng |
| 010 |
|
|
|z 2003054803
|
| 020 |
|
|
|z 0415322545
|
| 035 |
|
|
|a (MiAaPQ)EBC200490
|
| 035 |
|
|
|a (Au-PeEL)EBL200490
|
| 035 |
|
|
|a (CaPaEBR)ebr10098785
|
| 035 |
|
|
|a (CaONFJC)MIL5947
|
| 035 |
|
|
|a (OCoLC)437061166
|
| 040 |
|
|
|a MiAaPQ
|c MiAaPQ
|d MiAaPQ
|
| 043 |
|
|
|a a-ja---
|a ae-----
|
| 050 |
|
4 |
|a HG187.J3
|b F36 2004
|
| 082 |
0 |
4 |
|a 332.1/095
|2 21
|
| 100 |
1 |
|
|a Fan, Joseph P. H.
|
| 245 |
1 |
0 |
|a Designing financial systems in east Asia and Japan
|h [electronic resource] /
|c edited by Joseph P.H. Fan, Masaharu Hanazaki and Juro Teranishi.
|
| 260 |
|
|
|a London ;
|a New York :
|b RoutledgeCurzon,
|c 2004.
|
| 300 |
|
|
|a xv, 391 p. :
|b ill.
|
| 490 |
1 |
|
|a RoutledgeCurzon studies in the growth economies of Asia ;
|v 52
|
| 504 |
|
|
|a Includes bibliographical references and index.
|
| 533 |
|
|
|a Electronic reproduction. Ann Arbor, MI : ProQuest, 2015. Available via World Wide Web. Access may be limited to ProQuest affiliated libraries.
|
| 650 |
|
0 |
|a Financial institutions
|z Japan.
|
| 650 |
|
0 |
|a Corporate governance
|z Japan.
|
| 650 |
|
0 |
|a Financial institutions
|z East Asia.
|
| 650 |
|
0 |
|a Corporate governance
|z East Asia.
|
| 650 |
|
0 |
|a Financial crises
|z East Asia.
|
| 651 |
|
0 |
|a Japan
|x Economic conditions
|y 1989-
|
| 651 |
|
0 |
|a East Asia
|x Economic conditions.
|
| 655 |
|
4 |
|a Electronic books.
|
| 700 |
1 |
|
|a Hanazaki, Masaharu.
|
| 700 |
1 |
|
|a Teranishi, Juro.
|
| 710 |
2 |
|
|a ProQuest (Firm)
|
| 830 |
|
0 |
|a RoutledgeCurzon studies in the growth economies of Asia ;
|v 52.
|
| 856 |
4 |
0 |
|u https://ebookcentral.proquest.com/lib/matrademy/detail.action?docID=200490
|z Click to View
|